| 000 | 00922nam a22002897a 4500 | ||
|---|---|---|---|
| 001 | 4844 | ||
| 003 | FISKH | ||
| 005 | 20241017144848.0 | ||
| 008 | 241017b cb ||||| |||| 00| 0 eng d | ||
| 020 | _a9780439877244 | ||
| 040 |
_aFISKH _beng _cFISKH _dFISKH |
||
| 050 | _aPZ7.W6559245 | ||
| 082 | _a813.6 | ||
| 100 | _aWilliams, Dar | ||
| 245 |
_aLights, Camera, Amalee / _cby Dar Williams |
||
| 250 | _aFirst Scholastic paperback printing, October 2006 | ||
| 260 |
_aNew York : _bScholastic ; _c2006 . |
||
| 300 |
_a311 pages : _bcolor illustrations ; _c20 cm . |
||
| 490 |
_aAmalee _vBook 2 |
||
| 505 | _aS | ||
| 520 | _aWhen seventh-grader Amalee uses an inheritance to make a movie about endangered species, she discovers a link with the mother she never knew. | ||
| 521 | 8 |
_a790
_bLexile |
|
| 521 | 8 |
_aS
_bRaz-Plus |
|
| 650 |
_afamily _vfiction |
||
| 942 |
_2ddc _cBK _n0 |
||
| 999 |
_c4844 _d4844 |
||